• 首页
  • 本馆介绍
  • 公告通知
  • 最新文献
  • 馆藏检索
  • 电子资源
  • 读者导购
  • 参考咨询
  • 我的图书馆
  • 登录
  • 详细信息显示
  • 放入我的书架
  • 预约/预借图书
  • 作者相关作品
  • 分类相关作品
  • 丛书相关作品
  • 出版社相关作品

书目信息

  • 表格格式
  • 工作单格式
  • 卡片格式
题名:
完全掌握CATIA V5-6 R2013超级手册
    
 
作者: 乔建军 编著
分册:  
出版信息: 北京   机械工业出版社  2014
页数: 528页, [4] 页图版
开本: 26cm
丛书名:
单 册:
中图分类: TH122-62
科图分类:
主题词: 机械设计--Ji Xie She Ji--计算机辅助设计--应用软件--手册
电子资源:
ISBN: 978-7-111-44671-2
000 01256nam0 2200253 450
001 1661714765
005 20140115143553.7
010    @a978-7-111-44671-2@dCNY79.00
010    @a978-7-89405-162-2@b光盘
100    @a20140115d2014 em y0chiy50 ea
101 0  @achi
102    @aCN@b110000
105    @aaf z 000yy
106    @ar
200 1  @a完全掌握CATIA V5-6 R2013超级手册@AWan Quan Zhang Wo CATIA V5-6 R2013 Chao Ji Shou Ce@f乔建军等编著
210    @a北京@c机械工业出版社@d2014
215    @a528页, [4] 页图版@c图 (部分彩图)@d26cm@e光盘1片
330    @a本书以CATIA V5-6中文版软件为操作基础,结合典型范例循序渐进地介绍了该软件的功能和实战应用知识。全书内容包括:初识CATIA V5-6、创建草绘界面、线框与曲面的绘制及特征编辑、自由曲面的绘制编辑及分析、实体特征的绘制与编辑、装配体设计、工程制图设计、钣金设计、模具设计、数控加工等内容。本书最后还给出了CATIA在机械设计、造型设计、钣金设计等领域的综合应用案例,帮助读者尽快掌握相关应用。
333    @a可以作为机械工程技术人员的CATIA软件自学教程和参考资料,也可作为大中专院校学生CAD/CAM等课程的教材。
606 0  @a机械设计@AJi Xie She Ji@x计算机辅助设计@x应用软件@j手册
690    @aTH122-62@v5
701  0 @a乔建军@AQiao Jian Jun@4编著
801  0 @aCN@b江苏新华@c20150511
905    @aBZT@dTH122-62@e5
    
    完全掌握CATIA V5-6 R2013超级手册/乔建军等编著.-北京:机械工业出版社,2014
    528页, [4] 页图版:图 (部分彩图);26cm+光盘1片
    使用对象:可以作为机械工程技术人员的CATIA软件自学教程和参考资料,也可作为大中专院校学生CAD/CAM等课程的教材。
    
    ISBN 978-7-111-44671-2:CNY79.00
    本书以CATIA V5-6中文版软件为操作基础,结合典型范例循序渐进地介绍了该软件的功能和实战应用知识。全书内容包括:初识CATIA V5-6、创建草绘界面、线框与曲面的绘制及特征编辑、自由曲面的绘制编辑及分析、实体特征的绘制与编辑、装配体设计、工程制图设计、钣金设计、模具设计、数控加工等内容。本书最后还给出了CATIA在机械设计、造型设计、钣金设计等领域的综合应用案例,帮助读者尽快掌握相关应用。
●
相关链接 在五车中查询图书 在当当中查询图书 在豆瓣中查询图书


正题名:完全掌握CATIA V5-6 R2013超级手册     索取号:TH122-62/5         预约/预借

序号 登录号 条形码 馆藏地/架位号 状态 备注
1 797356   2000797356   第二书库/ [索取号:TH122-62/5] 在馆    
2 797357   2000797357   第二书库/ [索取号:TH122-62/5] 在馆    
3 797358   2000797358   第二书库/ [索取号:TH122-62/5] 在馆    
山东省滨州职业学院图书馆 欢迎您!
大连网信软件有限公司© 版权所有